[Event "23. Torneo San Viator"]
[Site "Madrid ESP"]
[Date "2014.11.16"]
[Round "8.22"]
[White "San Felipe Gonzalez, Tomas"]
[Black "Rodriguez Valero, Martin"]
[Result "1-0"]
[WhiteElo "1700"]
[BlackElo "1814"]
[PlyCount "79"]
[EventDate "2014.09.28"]
[EventType "swiss"]
[EventRounds "9"]
[EventCountry "ESP"]
[SourceTitle "Ajedrez en Madrid"]
[Source "lmi"]
[SourceDate "2014.09.28"]
[SourceVersion "1"]
[SourceVersionDate "2014.12.18"]
[SourceQuality "1"]

1. d4 Nf6 2. c4 e6 3. Nf3 c5 4. Nc3 a6 5. Bg5 cxd4 6. Nxd4 Qa5 7. Bd2 Qc5 8. e3
Nc6 9. Na4 Qa7 10. Nxc6 bxc6 11. Be2 Be7 12. Bf3 d5 13. O-O O-O 14. Rc1 Bd7 15.
b3 Rac8 16. Nb2 e5 17. g3 e4 18. Bg2 Bg4 19. Qe1 Qd7 20. Bb4 c5 21. Ba5 Bh3 22.
Na4 Bxg2 23. Kxg2 Qf5 24. Qe2 Ng4 25. cxd5 Ne5 26. Bb6 Nd3 27. Rc4 Qxd5 28. Nc3
Qc6 29. Ba5 Ne5 30. Ra4 f5 31. Nb1 Bf6 32. Bc3 Nd3 33. f3 exf3+ 34. Qxf3 Bxc3
35. Nxc3 Kh8 36. Qxc6 Rxc6 37. Nd5 g6 38. e4 Rd6 39. Nc7 Re8 40. Nxe8 1-0

[Event "23. Torneo San Viator"]
[Site "Madrid ESP"]
[Date "2014.11.16"]
[Round "8.23"]
[White "Martin Rodriguez, Jose Luis"]
[Black "Rodriguez Bittar, Karim Javier"]
[Result "0-1"]
[WhiteElo "1430"]
[BlackElo "1786"]
[PlyCount "64"]
[EventDate "2014.09.28"]
[EventType "swiss"]
[EventRounds "9"]
[EventCountry "ESP"]
[SourceTitle "Ajedrez en Madrid"]
[Source "lmi"]
[SourceDate "2014.09.28"]
[SourceVersion "1"]
[SourceVersionDate "2014.12.18"]
[SourceQuality "1"]

1. e4 e5 2. Nf3 Nc6 3. d4 exd4 4. Nxd4 Bc5 5. Be3 Qf6 6. c3 Nge7 7. Be2 O-O 8.
Qd2 d6 9. Bg5 Qe5 10. Qf4 Qxf4 11. Bxf4 Nxd4 12. cxd4 Bxd4 13. Nc3 Bxc3+ 14.
bxc3 Ng6 15. Be3 Bd7 16. O-O Bc6 17. f3 Rfe8 18. c4 f5 19. Rad1 fxe4 20. f4 b6
21. Bh5 Rf8 22. Bg4 Rae8 23. Bh5 Re7 24. Rd2 Nh4 25. Bg4 Bd7 26. Bxd7 Rxd7 27.
Bd4 Nf5 28. Be5 Re7 29. Bb2 Ne3 30. Rc1 Rxf4 31. Bd4 Nf5 32. Rf2 Nxd4 0-1

[Event "23. Torneo San Viator"]
[Site "Madrid ESP"]
[Date "2014.11.16"]
[Round "8.24"]
[White "Benitez Cadenas, Luis Miguel"]
[Black "Ore Leon, Gustavo"]
[Result "0-1"]
[WhiteElo "1638"]
[BlackElo "1785"]
[PlyCount "86"]
[EventDate "2014.09.28"]
[EventType "swiss"]
[EventRounds "9"]
[EventCountry "ESP"]
[SourceTitle "Ajedrez en Madrid"]
[Source "lmi"]
[SourceDate "2014.09.28"]
[SourceVersion "1"]
[SourceVersionDate "2014.12.18"]
[SourceQuality "1"]

1. d4 Nf6 2. Nf3 g6 3. Nbd2 d5 4. e3 Bg7 5. Bd3 O-O 6. O-O b6 7. e4 dxe4 8.
Nxe4 Nbd7 9. Qe2 Bb7 10. Re1 Re8 11. b3 Rc8 12. Bb2 Nxe4 13. Bxe4 Bxe4 14. Qxe4
c5 15. c4 Rc7 16. Qe2 a5 17. dxc5 Nxc5 18. Bxg7 Kxg7 19. Red1 Rd7 20. Rxd7 Qxd7
21. Rd1 Qe6 22. Qb2+ Qf6 23. Qxf6+ Kxf6 24. Kf1 Rc8 25. Rd4 Rc6 26. Nd2 e5 27.
Rh4 h5 28. Ne4+ Kf5 29. Nxc5 Rxc5 30. f3 Kg5 31. Re4 f5 32. h4+ Kf6 33. Re2 g5
34. hxg5+ Kxg5 35. Rd2 Kf4 36. Kf2 h4 37. Rd5 Rxd5 38. cxd5 Kg5 39. f4+ Kf6 40.
Kf3 e4+ 41. Ke3 Ke7 42. a4 Kd7 43. g4 h3 0-1

[Event "23. Torneo San Viator"]
[Site "Madrid ESP"]
[Date "2014.11.16"]
[Round "8.25"]
[White "Munoz Cebey, Ricardo"]
[Black "Castro Uceda, Jose Antonio"]
[Result "1-0"]
[WhiteElo "1779"]
[BlackElo "1582"]
[PlyCount "101"]
[EventDate "2014.09.28"]
[EventType "swiss"]
[EventRounds "9"]
[EventCountry "ESP"]
[SourceTitle "Ajedrez en Madrid"]
[Source "lmi"]
[SourceDate "2014.09.28"]
[SourceVersion "1"]
[SourceVersionDate "2014.12.18"]
[SourceQuality "1"]

1. c4 c5 2. Nc3 Nc6 3. g3 e6 4. Bg2 Nf6 5. Nf3 d5 6. cxd5 exd5 7. d4 c4 8. O-O
Be7 9. b3 Bb4 10. Bb2 Bxc3 11. Bxc3 b5 12. bxc4 bxc4 13. Ne5 Bd7 14. Nxc6 Bxc6
15. Bb4 Rb8 16. Rb1 Ne4 17. Qc1 a5 18. Be1 O-O 19. Rxb8 Qxb8 20. Bxa5 Qa7 21.
Bxe4 Qxa5 22. Bb1 Rc8 23. e3 Rb8 24. Re1 c3 25. e4 c2 26. Bxc2 Qxa2 27. Bb1 Qa4
28. exd5 Bxd5 29. Qc2 Qxc2 30. Bxc2 g6 31. Be4 Rd8 32. Bxd5 Rxd5 33. Rd1 Kg7
34. Kf1 Kf6 35. Ke2 Kf5 36. Kd3 Ke6 37. Ra1 Rf5 38. Ra6+ Kd7 39. f4 Rb5 40.
Ra7+ Ke6 41. Kc4 Rd5 42. Ra6+ Rd6 43. Rxd6+ Kxd6 44. d5 h6 45. Kd4 f6 46. g4 h5
47. gxh5 gxh5 48. h4 f5 49. Kc4 Kd7 50. Kc5 Kd8 51. d6 1-0

[Event "23. Torneo San Viator"]
[Site "Madrid ESP"]
[Date "2014.11.16"]
[Round "8.26"]
[White "Moreno Sanchez, Guillermo"]
[Black "Luque Ibanez, Manuel"]
[Result "0-1"]
[WhiteElo "1629"]
[BlackElo "1994"]
[PlyCount "72"]
[EventDate "2014.09.28"]
[EventType "swiss"]
[EventRounds "9"]
[EventCountry "ESP"]
[SourceTitle "Ajedrez en Madrid"]
[Source "lmi"]
[SourceDate "2014.09.28"]
[SourceVersion "1"]
[SourceVersionDate "2014.12.18"]
[SourceQuality "1"]

1. d4 d5 2. c4 e6 3. Nc3 c5 4. cxd5 exd5 5. Nf3 Nf6 6. Bg5 Be6 7. e3 Be7 8.
Bb5+ Kf8 9. O-O a6 10. Ba4 c4 11. Bh4 Bf5 12. Ne5 b5 13. Bc2 Bxc2 14. Qxc2 b4
15. Ne2 Nfd7 16. Bg3 f6 17. Qf5 g6 18. Qf4 Kg7 19. Nf3 Nc6 20. h4 h5 21. Bh2
Nf8 22. Qg3 Ne6 23. Nf4 Nxf4 24. Qxf4 Qd7 25. Ne1 Rac8 26. f3 a5 27. Nc2 a4 28.
Rfd1 Qb7 29. e4 b3 30. axb3 axb3 31. Na3 c3 32. bxc3 b2 33. Rab1 Bxa3 34. exd5
Ne7 35. d6 Nd5 36. Qe4 Rce8 0-1

[Event "23. Torneo San Viator"]
[Site "Madrid ESP"]
[Date "2014.11.16"]
[Round "8.27"]
[White "Perez Sempere, Alberto"]
[Black "Sierra Bermejo, Gregorio"]
[Result "0-1"]
[WhiteElo "1845"]
[BlackElo "1654"]
[PlyCount "62"]
[EventDate "2014.09.28"]
[EventType "swiss"]
[EventRounds "9"]
[EventCountry "ESP"]
[SourceTitle "Ajedrez en Madrid"]
[Source "lmi"]
[SourceDate "2014.09.28"]
[SourceVersion "1"]
[SourceVersionDate "2014.12.18"]
[SourceQuality "1"]

1. e4 c5 2. Nf3 e6 3. d4 cxd4 4. Nxd4 a6 5. a3 Nf6 6. Nc3 Qc7 7. Be2 b5 8. O-O
Bb7 9. Bf3 Nc6 10. Nxc6 Bxc6 11. Be3 Bd6 12. g3 h5 13. Bg2 h4 14. f4 hxg3 15.
e5 Bxg2 16. Kxg2 Qc6+ 17. Qf3 Ng4 18. Qxc6 Nxe3+ 19. Kf3 dxc6 20. Kxe3 Bc5+ 21.
Kf3 gxh2 22. Rh1 O-O-O 23. Ne4 Be7 24. Rae1 Rd4 25. Re2 Rh3+ 26. Kg2 Rh4 27.
Kf3 g5 28. Ke3 c5 29. Nxg5 Rhxf4 30. Nf3 Rde4+ 31. Kf2 Bh4+ 0-1

[Event "23. Torneo San Viator"]
[Site "Madrid ESP"]
[Date "2014.11.16"]
[Round "8.28"]
[White "Fogue Caro, David"]
[Black "Uceda Martinez, Jacinto"]
[Result "0-1"]
[WhiteElo "1617"]
[BlackElo "1795"]
[PlyCount "90"]
[EventDate "2014.09.28"]
[EventType "swiss"]
[EventRounds "9"]
[EventCountry "ESP"]
[SourceTitle "Ajedrez en Madrid"]
[Source "lmi"]
[SourceDate "2014.09.28"]
[SourceVersion "1"]
[SourceVersionDate "2014.12.18"]
[SourceQuality "1"]

1. c4 f5 2. Nc3 Nf6 3. g3 e5 4. Bg2 Bc5 5. e3 Nc6 6. Nge2 d6 7. a3 a6 8. d4 Ba7
9. O-O O-O 10. b4 e4 11. b5 Ne7 12. Qb3 Be6 13. Nf4 Qd7 14. d5 Bf7 15. Bb2 Ng4
16. Nce2 g5 17. Qc3 Ne5 18. Nh3 h6 19. f4 exf3 20. Bxf3 g4 21. Bxg4 fxg4 22.
Nhf4 Nf5 23. Nd4 Bxd4 24. exd4 Nf3+ 25. Kg2 Rae8 26. Rxf3 gxf3+ 27. Qxf3 Ne3+
28. Kf2 Qg4 29. Qxg4+ Nxg4+ 30. Kf3 Nxh2+ 31. Kg2 Ng4 32. Rh1 axb5 33. Rh4 Ne3+
34. Kh3 Nxc4 35. Rg4+ Kh7 36. Bc3 Re4 37. Bb4 Rg8 38. Rxg8 Kxg8 39. Kg4 Kg7 40.
Kf5 Rxd4 41. Ne6+ Kg8 42. a4 Rd3 43. a5 Rxg3 44. Be1 Rg1 45. Bh4 h5 0-1

[Event "23. Torneo San Viator"]
[Site "Madrid ESP"]
[Date "2014.11.16"]
[Round "8.29"]
[White "Lopez Ramirez, Rafael"]
[Black "Mateos Cordero, Francisco"]
[Result "1-0"]
[WhiteElo "1780"]
[BlackElo "1611"]
[PlyCount "80"]
[EventDate "2014.09.28"]
[EventType "swiss"]
[EventRounds "9"]
[EventCountry "ESP"]
[SourceTitle "Ajedrez en Madrid"]
[Source "lmi"]
[SourceDate "2014.09.28"]
[SourceVersion "1"]
[SourceVersionDate "2014.12.18"]
[SourceQuality "1"]

1. d4 d5 2. c4 c6 3. Nf3 Bf5 4. cxd5 cxd5 5. Qb3 b6 6. Nc3 Nf6 7. e3 e6 8. Bb5+
Nbd7 9. Ne5 Bd6 10. Qa4 Qc7 11. Bd2 Bxe5 12. dxe5 Qxe5 13. O-O Qd6 14. Bc6 Rd8
15. Rac1 Bd3 16. Rfd1 a6 17. Be1 Bf5 18. e4 b5 19. Qxa6 Bxe4 20. Nxe4 Nxe4 21.
Qxb5 O-O 22. Bxd7 Qxd7 23. Qxd7 Rxd7 24. Rc2 h6 25. a4 Nf6 26. a5 Rb7 27. b4
Ne8 28. Rc6 Nc7 29. Rdc1 Nb5 30. Rc8 Rb8 31. Rxb8 Rxb8 32. f3 d4 33. Bg3 Rb7
34. Rc8+ Kh7 35. Rb8 Rxb8 36. Bxb8 d3 37. Kf2 Nc3 38. a6 Nd5 39. a7 Nb6 40. Be5
f6 1-0

[Event "23. Torneo San Viator"]
[Site "Madrid ESP"]
[Date "2014.11.16"]
[Round "8.30"]
[White "Sirera Ripoll, Jose"]
[Black "Mejias Gonzalez, Pedro"]
[Result "1-0"]
[WhiteElo "1761"]
[BlackElo "1632"]
[PlyCount "29"]
[EventDate "2014.09.28"]
[EventType "swiss"]
[EventRounds "9"]
[EventCountry "ESP"]
[SourceTitle "Ajedrez en Madrid"]
[Source "lmi"]
[SourceDate "2014.09.28"]
[SourceVersion "1"]
[SourceVersionDate "2014.12.18"]
[SourceQuality "1"]

1. e4 e5 2. Nf3 Nc6 3. Bc4 Be7 4. d4 Bf6 5. dxe5 Nxe5 6. Nxe5 Bxe5 7. Bxf7+
Kxf7 8. Qd5+ Kf6 9. f4 Bxf4 10. Bxf4 Ne7 11. Bg5+ Kg6 12. Qe5 Re8 13. O-O h6
14. Bxe7 d6 15. Qg3+ 1-0

[Event "23. Torneo San Viator"]
[Site "Madrid ESP"]
[Date "2014.11.16"]
[Round "8.31"]
[White "Mosteiro Montoro, Alvaro"]
[Black "Martinez De Navascues, Francis"]
[Result "0-1"]
[WhiteElo "1586"]
[BlackElo "1760"]
[PlyCount "77"]
[EventDate "2014.09.28"]
[EventType "swiss"]
[EventRounds "9"]
[EventCountry "ESP"]
[SourceTitle "Ajedrez en Madrid"]
[Source "lmi"]
[SourceDate "2014.09.28"]
[SourceVersion "1"]
[SourceVersionDate "2014.12.18"]
[SourceQuality "1"]

1. d4 Nf6 2. c4 e6 3. Nc3 Bb4 4. Qc2 b6 5. e4 Bxc3+ 6. bxc3 Bb7 7. Bd3 d6 8.
Nf3 Nbd7 9. Bg5 h6 10. Bh4 e5 11. O-O Qe7 12. h3 O-O 13. Nd2 g5 14. Bg3 Nh5 15.
Bh2 Nf4 16. Bxf4 gxf4 17. Nf3 Kh8 18. Kh2 Rg8 19. Rg1 Nf8 20. g3 Qf6 21. Nh4
Ne6 22. d5 Ng5 23. Be2 Bc8 24. Nf5 Nxe4 25. Qxe4 Bxf5 26. Qf3 fxg3+ 27. fxg3
Qg6 28. Raf1 Be4 29. Qxf7 Rg7 30. Qxg6 Bxg6 31. Rf6 Rag8 32. Rgf1 Re7 33. Re6
Rxe6 34. dxe6 Kg7 35. Bg4 Rf8 36. Kg2 Rxf1 37. Kxf1 Bd3+ 38. Kf2 Bxc4 39. a3
0-1

[Event "23. Torneo San Viator"]
[Site "Madrid ESP"]
[Date "2014.11.16"]
[Round "8.32"]
[White "Garcia Rojas, Juan Carlos"]
[Black "Rodriguez Alonso, Marcos"]
[Result "0-1"]
[WhiteElo "1562"]
[BlackElo "1746"]
[PlyCount "92"]
[EventDate "2014.09.28"]
[EventType "swiss"]
[EventRounds "9"]
[EventCountry "ESP"]
[SourceTitle "Ajedrez en Madrid"]
[Source "lmi"]
[SourceDate "2014.09.28"]
[SourceVersion "1"]
[SourceVersionDate "2014.12.18"]
[SourceQuality "1"]

1. d4 d5 2. c4 e6 3. e3 Nf6 4. Bd3 dxc4 5. Bxc4 Nbd7 6. Nf3 Be7 7. Nc3 O-O 8.
O-O a6 9. Re1 b5 10. Bd3 Bb7 11. Qc2 Bxf3 12. gxf3 c5 13. dxc5 Nxc5 14. Rd1 Qb6
15. e4 Rac8 16. Be3 Qb7 17. Bxc5 Bxc5 18. Qe2 Bd4 19. Bxb5 Bxc3 20. Bxa6 Qxb2
21. Qf1 Rcd8 22. Rdc1 Qd2 23. Rd1 Qg5+ 24. Qg2 Qxg2+ 25. Kxg2 Bxa1 26. Rxa1 e5
27. a4 Ra8 28. Bb5 Rfb8 29. Rc1 Ne8 30. Rd1 Nc7 31. Bc6 Ra6 32. Bb7 Rb6 33. Bd5
Nxd5 34. Rxd5 f6 35. Kg3 Ra6 36. f4 exf4+ 37. Kxf4 Rxa4 38. f3 Re8 39. h4 h6
40. h5 Kf7 41. Kf5 Re5+ 42. Rxe5 fxe5 43. Kxe5 Ra5+ 44. Kd6 Rxh5 45. e5 Rf5 46.
e6+ Ke8 0-1

[Event "23. Torneo San Viator"]
[Site "Madrid ESP"]
[Date "2014.11.16"]
[Round "8.33"]
[White "Tevar Becerra, Alvaro"]
[Black "Del Noval Nemeshazi, Nesztor"]
[Result "1-0"]
[WhiteElo "1556"]
[BlackElo "1686"]
[PlyCount "85"]
[EventDate "2014.09.28"]
[EventType "swiss"]
[EventRounds "9"]
[EventCountry "ESP"]
[SourceTitle "Ajedrez en Madrid"]
[Source "lmi"]
[SourceDate "2014.09.28"]
[SourceVersion "1"]
[SourceVersionDate "2014.12.18"]
[SourceQuality "1"]

1. e4 c5 2. Nf3 d6 3. Bb5+ Bd7 4. Bxd7+ Qxd7 5. O-O Nc6 6. c3 Nf6 7. Re1 e6 8.
d4 cxd4 9. cxd4 d5 10. e5 Ne4 11. Nc3 Nxc3 12. bxc3 Be7 13. Be3 O-O 14. Nd2 Na5
15. Qg4 Kh8 16. Nb3 Nc4 17. h4 b6 18. h5 h6 19. Qe2 Rac8 20. Nd2 Na3 21. Rec1
Rc7 22. Qd3 Rfc8 23. Nb1 Nb5 24. a4 Ba3 25. Nxa3 Rxc3 26. Qxb5 Rxc1+ 27. Rxc1
Rxc1+ 28. Bxc1 Qc7 29. Bd2 Qe7 30. Qb4 Qh4 31. Bxh6 gxh6 32. Qf8+ Kh7 33. Qxf7+
Kh8 34. Qf6+ Qxf6 35. exf6 Kg8 36. Nb5 a6 37. Nd6 b5 38. axb5 axb5 39. Kf1 b4
40. Ke1 e5 41. dxe5 b3 42. Kd2 d4 43. Nc4 1-0

[Event "23. Torneo San Viator"]
[Site "Madrid ESP"]
[Date "2014.11.16"]
[Round "8.34"]
[White "Rendo Quindos, Pedro"]
[Black "Rodriguez Romero, Martin"]
[Result "0-1"]
[WhiteElo "1657"]
[BlackElo "1422"]
[PlyCount "61"]
[EventDate "2014.09.28"]
[EventType "swiss"]
[EventRounds "9"]
[EventCountry "ESP"]
[SourceTitle "Ajedrez en Madrid"]
[Source "lmi"]
[SourceDate "2014.09.28"]
[SourceVersion "1"]
[SourceVersionDate "2014.12.18"]
[SourceQuality "1"]

1. e4 c5 2. Nf3 d6 3. b3 g6 4. Bb2 Nf6 5. Bb5+ Bd7 6. Bxd7+ Qxd7 7. O-O Bg7 8.
d3 Nc6 9. Nbd2 O-O 10. Rb1 d5 11. e5 Ng4 12. Re1 Qf5 13. d4 cxd4 14. Nxd4 Qxf2+
15. Kh1 Qh4 16. N2f3 Qh5 17. Qe2 Ncxe5 18. h3 Nxf3 19. Nxf3 Bxb2 20. Rxb2 Rfe8
21. c4 dxc4 22. Qxc4 Nf6 23. Re5 Qh6 24. Rbe2 Rac8 25. Qb4 e6 26. Qxb7 Ng4 27.
R5e4 Rc1+ 28. Ng1 f5 29. Rxe6 Rxg1+ 30. Kxg1 Qc1+ 31. Re1 0-1

[Event "23. Torneo San Viator"]
[Site "Madrid ESP"]
[Date "2014.11.16"]
[Round "8.35"]
[White "Vazquez Gonzalez, Francisco"]
[Black "Gallego Romero, Manuel"]
[Result "1-0"]
[WhiteElo "1975"]
[BlackElo "1500"]
[PlyCount "137"]
[EventDate "2014.09.28"]
[EventType "swiss"]
[EventRounds "9"]
[EventCountry "ESP"]
[SourceTitle "Ajedrez en Madrid"]
[Source "lmi"]
[SourceDate "2014.09.28"]
[SourceVersion "1"]
[SourceVersionDate "2014.12.18"]
[SourceQuality "1"]

1. e4 e5 2. Nf3 d6 3. d4 exd4 4. Nxd4 Nf6 5. Bd3 Nbd7 6. O-O Ne5 7. Nc3 Nxd3 8.
Qxd3 Be7 9. Qg3 Nh5 10. Qf3 Nf6 11. Nf5 Bxf5 12. Qxf5 h6 13. Qb5+ Qd7 14. Qxb7
O-O 15. Qa6 Rfb8 16. Qe2 Bf8 17. b3 Re8 18. Qd3 Qc6 19. f3 Re6 20. Bb2 Nd7 21.
Qb5 Qxb5 22. Nxb5 Rg6 23. Rad1 a6 24. Nd4 Re8 25. Ne2 c6 26. c4 Nb6 27. Bd4 c5
28. Bc3 Rge6 29. Nf4 R6e7 30. Ba5 Nc8 31. Nd5 Rb7 32. Bc3 Re6 33. Nf4 Re8 34.
Rd2 Rd8 35. Nd5 Ne7 36. Rfd1 Nxd5 37. Rxd5 f6 38. Rxc5 Rbd7 39. Rc6 Ra8 40. Rd5
a5 41. Bxa5 Rda7 42. b4 Kf7 43. Rd2 Rb7 44. Rb6 Rba7 45. Rb5 Rc8 46. Rc2 Rc6
47. Rd5 Ra8 48. b5 Rcc8 49. Bb4 Ke6 50. a3 Rc7 51. Rd3 Rac8 52. Rdc3 Rd7 53. a4
Be7 54. a5 Bd8 55. b6 Rb7 56. Rd3 Rc6 57. Kf2 Be7 58. Ra3 Rc8 59. Ke2 Ra8 60.
Kd3 Ke5 61. Bc3+ Ke6 62. Bd4 Ra6 63. Raa2 Kf7 64. c5 dxc5 65. Bxc5 Bd8 66. Kc4
Ke8 67. Kb5 Ra8 68. a6 Re7 69. Bxe7 1-0

[Event "23. Torneo San Viator"]
[Site "Madrid ESP"]
[Date "2014.11.16"]
[Round "8.36"]
[White "Barahona Torrijos, Angel"]
[Black "Jimenez Manzano, Emiliano"]
[Result "1-0"]
[WhiteElo "1845"]
[BlackElo "1490"]
[PlyCount "41"]
[EventDate "2014.09.28"]
[EventType "swiss"]
[EventRounds "9"]
[EventCountry "ESP"]
[SourceTitle "Ajedrez en Madrid"]
[Source "lmi"]
[SourceDate "2014.09.28"]
[SourceVersion "1"]
[SourceVersionDate "2014.12.18"]
[SourceQuality "1"]

1. e4 c6 2. Nc3 e5 3. Nf3 d6 4. d4 exd4 5. Nxd4 Nf6 6. Bc4 Be7 7. O-O O-O 8.
Be3 Nbd7 9. Nf5 Ne5 10. Nxe7+ Qxe7 11. Be2 Be6 12. Bg5 Bc4 13. f4 Bxe2 14. Qxe2
Neg4 15. h3 h6 16. Bh4 Qd7 17. hxg4 Nxg4 18. Rad1 f6 19. Rd3 Rad8 20. Rfd1 Qc7
21. Qxg4 1-0

[Event "23. Torneo San Viator"]
[Site "Madrid ESP"]
[Date "2014.11.16"]
[Round "8.37"]
[White "Blanco Diez, David"]
[Black "Rodriguez Lucena, Angel"]
[Result "1-0"]
[WhiteElo "1506"]
[BlackElo "1741"]
[PlyCount "47"]
[EventDate "2014.09.28"]
[EventType "swiss"]
[EventRounds "9"]
[EventCountry "ESP"]
[SourceTitle "Ajedrez en Madrid"]
[Source "lmi"]
[SourceDate "2014.09.28"]
[SourceVersion "1"]
[SourceVersionDate "2014.12.18"]
[SourceQuality "1"]

1. d4 f5 2. c4 Nf6 3. Nc3 g6 4. Nf3 Bg7 5. g3 d6 6. Bg2 O-O 7. O-O c6 8. b3 Qe8
9. Re1 e5 10. d5 cxd5 11. Nxd5 Na6 12. Bb2 Nxd5 13. Qxd5+ Qe6 14. Rad1 Qxd5 15.
Rxd5 Rd8 16. Red1 Bf8 17. Bxe5 Be6 18. R5d2 Nc5 19. Ng5 Bh6 20. Nxe6 Bxd2 21.
Nxd8 Ba5 22. Nxb7 Nxb7 23. Bxb7 Rb8 24. Bd5+ 1-0

[Event "23. Torneo San Viator"]
[Site "Madrid ESP"]
[Date "2014.11.16"]
[Round "8.38"]
[White "Algaba Traspuesto, Jose Antoni"]
[Black "Santos Valdivia, Victor Manuel"]
[Result "1-0"]
[WhiteElo "1691"]
[BlackElo "1473"]
[PlyCount "49"]
[EventDate "2014.09.28"]
[EventType "swiss"]
[EventRounds "9"]
[EventCountry "ESP"]
[SourceTitle "Ajedrez en Madrid"]
[Source "lmi"]
[SourceDate "2014.09.28"]
[SourceVersion "1"]
[SourceVersionDate "2014.12.18"]
[SourceQuality "1"]

1. d4 d5 2. e3 Nf6 3. Bd3 g6 4. b3 Bg7 5. Bb2 O-O 6. Nd2 Re8 7. f4 Bg4 8. Ngf3
Qc8 9. h3 Bf5 10. Qe2 Na6 11. a3 c6 12. g4 Bxd3 13. cxd3 e6 14. Kf2 Qc7 15. b4
Qd6 16. e4 Qe7 17. e5 Nd7 18. g5 Nc7 19. Nh2 a5 20. Ng4 Red8 21. Nf6+ Kh8 22.
h4 axb4 23. h5 bxa3 24. hxg6 fxg6 25. Rxh7# 1-0

[Event "23. Torneo San Viator"]
[Site "Madrid ESP"]
[Date "2014.11.16"]
[Round "8.39"]
[White "Aguilera Prada, Alejandro"]
[Black "San Felipe Asis, Raquel"]
[Result "1/2-1/2"]
[WhiteElo "1417"]
[BlackElo "1660"]
[PlyCount "111"]
[EventDate "2014.09.28"]
[EventType "swiss"]
[EventRounds "9"]
[EventCountry "ESP"]
[SourceTitle "Ajedrez en Madrid"]
[Source "lmi"]
[SourceDate "2014.09.28"]
[SourceVersion "1"]
[SourceVersionDate "2014.12.18"]
[SourceQuality "1"]

1. e4 d5 2. exd5 Nf6 3. Nf3 Nxd5 4. d4 Nc6 5. c4 Nb6 6. d5 Nb8 7. Nc3 c6 8. Bf4
cxd5 9. cxd5 Bg4 10. Be2 N8d7 11. O-O a6 12. h3 Bh5 13. Bg5 h6 14. Bh4 g5 15.
Qd4 Nf6 16. Bg3 Nbxd5 17. Be5 Nxc3 18. Qxc3 Rc8 19. Rad1 Rxc3 20. Rxd8+ Kxd8
21. Rd1+ Ke8 22. Bxc3 Bg7 23. Ba5 Nd7 24. Rc1 e6 25. Rc8+ Ke7 26. Bb4+ Kf6 27.
Bc3+ e5 28. Rc7 Ke6 29. Rxb7 Ra8 30. g4 Bg6 31. Nd2 Bf8 32. Nc4 Bc5 33. b4 Ba7
34. Ne3 Be4 35. Rc7 Bb6 36. Rc4 Bxe3 37. Rxe4 Bf4 38. Rc4 Kd6 39. Bb2 Nb6 40.
Rc2 a5 41. Bf3 Nd5 42. b5 Nb4 43. Rc4 Rb8 44. a4 f6 45. Bc3 Rd8 46. Bxb4+ axb4
47. Rxb4 Kc5 48. Rb2 Bd2 49. Kf1 Ba5 50. Ke2 Rd4 51. Ke3 Rxa4 52. Be2 Bb6 53.
Rc2+ Kd5+ 54. Kd2 Bxf2 55. Rc6 Rd4+ 56. Kc3 1/2-1/2

[Event "23. Torneo San Viator"]
[Site "Madrid ESP"]
[Date "2014.11.16"]
[Round "8.40"]
[White "Porris Rebollar, Ivan"]
[Black "Blanco Ruiz, Cesar"]
[Result "0-1"]
[WhiteElo "1493"]
[BlackElo "1657"]
[PlyCount "56"]
[EventDate "2014.09.28"]
[EventType "swiss"]
[EventRounds "9"]
[EventCountry "ESP"]
[SourceTitle "Ajedrez en Madrid"]
[Source "lmi"]
[SourceDate "2014.09.28"]
[SourceVersion "1"]
[SourceVersionDate "2014.12.18"]
[SourceQuality "1"]

1. d4 Nf6 2. Nf3 g6 3. e3 Bg7 4. Be2 O-O 5. O-O d5 6. b3 c5 7. Bb2 Nc6 8. dxc5
Ne4 9. Bxg7 Kxg7 10. Qd3 e5 11. Rd1 Nb4 12. Qb5 Nxc2 13. Nbd2 Nc3 14. Qd3 Nxe2+
15. Qxe2 Nxa1 16. Rxa1 f6 17. h3 Qa5 18. e4 Qxc5 19. exd5 Qxd5 20. Ne4 Bf5 21.
Nc3 Qd3 22. Qxd3 Bxd3 23. Rd1 e4 24. Nd4 Rfe8 25. f3 f5 26. g4 Rad8 27. Nxf5+
gxf5 28. gxf5 exf3 0-1

[Event "23. Torneo San Viator"]
[Site "Madrid ESP"]
[Date "2014.11.16"]
[Round "8.43"]
[White "Corral Sanchez, Jesus"]
[Black "Fernandez Rodriguez, Alberto"]
[Result "1/2-1/2"]
[WhiteElo "1605"]
[BlackElo "1417"]
[PlyCount "43"]
[EventDate "2014.09.28"]
[EventType "swiss"]
[EventRounds "9"]
[EventCountry "ESP"]
[SourceTitle "Ajedrez en Madrid"]
[Source "lmi"]
[SourceDate "2014.09.28"]
[SourceVersion "1"]
[SourceVersionDate "2014.12.18"]
[SourceQuality "1"]

1. e4 d6 2. d4 Nd7 3. Nf3 g6 4. Bc4 Bg7 5. Bxf7+ Kf8 6. Bxg8 Kxg8 7. Be3 e5 8.
Nc3 b6 9. O-O Bb7 10. Qd2 exd4 11. Bxd4 Qe7 12. Rfe1 Ne5 13. Nxe5 Bxe5 14. Bxe5
Qxe5 15. Re3 Rf8 16. b3 Rf7 17. f3 Kg7 18. Rd1 Rf6 19. Qd4 Kg8 20. Qc4+ Rf7 21.
b4 Kg7 22. a4 1/2-1/2

[Event "23. Torneo San Viator"]
[Site "Madrid ESP"]
[Date "2014.11.16"]
[Round "8.44"]
[White "Estirado De Cabo, Cesar"]
[Black "Alonso Pardo, Daniel"]
[Result "0-1"]
[WhiteElo "1404"]
[BlackElo "1630"]
[PlyCount "73"]
[EventDate "2014.09.28"]
[EventType "swiss"]
[EventRounds "9"]
[EventCountry "ESP"]
[SourceTitle "Ajedrez en Madrid"]
[Source "lmi"]
[SourceDate "2014.09.28"]
[SourceVersion "1"]
[SourceVersionDate "2014.12.18"]
[SourceQuality "1"]

1. d4 d5 2. c4 g6 3. Nc3 c6 4. e3 Bg7 5. Nf3 Bg4 6. cxd5 cxd5 7. Be2 Nf6 8. Ne5
Bxe2 9. Qxe2 a6 10. O-O Nc6 11. Nxc6 bxc6 12. Rd1 O-O 13. b3 e6 14. Bb2 Nd7 15.
Rac1 Qe7 16. Na4 Rfc8 17. Rc2 e5 18. dxe5 Bxe5 19. Bxe5 Qxe5 20. Rdc1 c5 21.
Qd2 Qd6 22. h3 Rc6 23. Rd1 Nf6 24. Nc3 Qd8 25. Qd3 d4 26. Rcd2 Qe7 27. exd4
cxd4 28. Re2 Qb4 29. Ne4 Nxe4 30. Rxe4 Rd6 31. Rc1 Qb5 32. Rc4 Qf5 33. f3 Kg7
34. g4 Qa5 35. Rexd4 Qe1+ 36. Kg2 Qe5 37. Rxd6 0-1